Roboty nahradia ľudia najmä tam, kde chýbajú

Mýty o tom, ako roboty berú ľuďom prácu a ohrozujú zamestnanosť, je v kontraste s tým, ako podniky v priemysle zápasia s nedostatkom kvalifikovanej pracovnej sily. Výrobné firmy a optimalizácia automatizačných procesov.

Gespeichert in:
Bibliographische Detailangaben
1. Verfasser: Veselý, Matúš
Format: Buchkapitel
Sprache:Slowakisch
Schlagworte:
Tags: Tag hinzufügen
Keine Tags, Fügen Sie das erste Tag hinzu!

MARC

LEADER 00000naa a2200000 4500
001 0219555
005 20231011124228.1
041 0 |a slo 
044 |a SK 
245 1 0 |a Roboty nahradia ľudia najmä tam, kde chýbajú  |c Matúš Veselý 
520 |a Mýty o tom, ako roboty berú ľuďom prácu a ohrozujú zamestnanosť, je v kontraste s tým, ako podniky v priemysle zápasia s nedostatkom kvalifikovanej pracovnej sily. Výrobné firmy a optimalizácia automatizačných procesov. 
610 2 0 |a automatizácia výroby 
610 2 0 |a výroba automatizovaná 
610 2 0 |a systémy výrobné automatizované 
610 2 0 |a priemysel 
610 2 0 |a priemysel strojársky 
610 2 0 |a roboty priemyselné 
100 1 |a Veselý, Matúš